Three essays on antecedents and determinants of entrepreneurial intention among business students in Viet Nam: toward an integrated theory: Doctoral Thesics- Major: Management Science

محفوظ في:
التفاصيل البيبلوغرافية
المؤلف الرئيسي: Nguyễn, Quốc Cường
التنسيق: Luận văn
اللغة:Undetermined
منشور في: Universite' Paris 1 Pamthe'on Sorbone 2019
الموضوعات:
الوصول للمادة أونلاين:https://opac.iuh.edu.vn/TraCuuTaiLieuSo2XemChiTiet.aspx?Id=114623
الوسوم: إضافة وسم
لا توجد وسوم, كن أول من يضع وسما على هذه التسجيلة!
Thư viện lưu trữ: Trung tâm Thư viện - Trường Đại học Công nghiệp TP. Hồ Chí Minh
LEADER 00786nam a2200169Ia 4500
001 UIH_02004
008 230809s9999 xx 000 0 und d
082 |a 658 
100 |a Nguyễn, Quốc Cường 
245 0 |a Three essays on antecedents and determinants of entrepreneurial intention among business students in Viet Nam: toward an integrated theory: Doctoral Thesics- Major: Management Science 
245 0 |c Nguyễn, Quốc Cường 
260 |b Universite' Paris 1 Pamthe'on Sorbone 
260 |c 2019 
650 |a Khoa học quản lý;Luận án tiến sĩ; 
856 |u https://opac.iuh.edu.vn/TraCuuTaiLieuSo2XemChiTiet.aspx?Id=114623 
927 |a Luận văn 
980 |a Trung tâm Thư viện - Trường Đại học Công nghiệp TP. Hồ Chí Minh